[Event "Mercredi 2019.02.20 ABCD"]
[Site "Montreal CAN"]
[Date "2019.02.27"]
[Round "2"]
[White "Nica, Ion"]
[Black "Millette, Sylvain"]
[Result "0-1"]
[WhiteElo "1660"]
[BlackElo "1682"]
[PlyCount "101"]
[EventDate "2019.02.20"]
[EventType "tourn"]
[EventRounds "5"]
[EventCountry "CAN"]

1. d4 Nf6 2. c4 g6 3. Nc3 d5 4. Nf3 Bg7 5. h4 Nc6 6. cxd5 Nxd5 7. h5 Nxc3 8.
bxc3 e5 9. hxg6 hxg6 10. Rxh8+ Bxh8 11. Bg5 Bf6 12. Be3 exd4 13. Nxd4 Nxd4 14.
Bxd4 c5 15. Bxf6 Qxf6 16. Qd3 Bd7 17. Qe4+ Kf8 18. Qc4 b6 19. Rd1 Be6 20. Qd3
Bxa2 21. g3 a5 22. Bg2 Re8 23. Kf1 Qe6 24. Qd2 Bc4 25. Bf3 Kg7 26. Re1 a4 27.
Kg2 a3 28. Qg5 Rh8 29. Bg4 Qf6 30. Qe3 a2 31. Qc1 b5 32. e4 Be6 33. e5 Bd5+ 34.
f3 Qc6 35. Qe3 Be6 36. Bxe6 Qxe6 37. g4 Qb3 38. Qd2 Qb1 39. Qc1 Qxc1 40. Rxc1
Ra8 41. Ra1 b4 42. cxb4 cxb4 43. f4 b3 44. f5 gxf5 45. gxf5 b2 46. f6+ Kg6 47.
Rf1 b1=Q 48. Rf4 Qc2+ 49. Kg3 Ra3+ 50. Rf3 Rxf3+ 51. Kxf3 0-1

[Event "Mercredi 2019.02.20 ABCD"]
[Site "Montreal CAN"]
[Date "2019.02.27"]
[Round "2"]
[White "Ostaci, Liviu"]
[Black "Alcantara, Maximo jr"]
[Result "1-0"]
[WhiteElo "1692"]
[BlackElo "1721"]
[PlyCount "99"]
[EventDate "2019.02.20"]
[EventType "tourn"]
[EventRounds "5"]
[EventCountry "CAN"]

1. e4 g6 2. d4 Bg7 3. c4 d6 4. Nc3 e5 5. d5 f5 6. exf5 Bxf5 7. Bd3 Bxd3 8. Qxd3
Nf6 9. Bg5 O-O 10. h4 Qd7 11. Bxf6 Bxf6 12. f3 Na6 13. Ne4 Nc5 14. Nxc5 dxc5
15. O-O-O Rad8 16. Ne2 c6 17. Nc3 a6 18. d6 b5 19. Ne4 Qa7 20. h5 g5 21. Qe3 h6
22. Qxc5 Qxc5 23. Nxc5 Kf7 24. cxb5 cxb5 25. Ne4 Rd7 26. Kb1 Rfd8 27. Rc1 Rxd6
28. Nxd6+ Rxd6 29. Rhd1 Rb6 30. Rc7+ Be7 31. Rdd7 Re6 32. Kc2 Ke8 33. Rxe7+
Rxe7 34. Rxe7+ Kxe7 35. Kd3 Kf6 36. Ke4 g4 37. f4 exf4 38. Kxf4 g3 39. Kxg3 Kg5
40. b4 Kxh5 41. Kf4 Kh4 42. a3 h5 43. g3+ Kh3 44. Kf3 Kh2 45. g4 hxg4+ 46. Kxg4
Kg2 47. Kf4 Kf2 48. Ke4 Ke2 49. Kd4 Kd2 50. Kc5 1-0

[Event "Mercredi 2019.02.20 ABCD"]
[Site "Montreal CAN"]
[Date "2019.02.27"]
[Round "2"]
[White "Pomerantz, Daniel"]
[Black "Abdelaal, Ibrahim"]
[Result "1-0"]
[WhiteElo "2165"]
[BlackElo "2099"]
[PlyCount "61"]
[EventDate "2019.02.20"]
[EventType "tourn"]
[EventRounds "5"]
[EventCountry "CAN"]

1. e4 d5 2. exd5 Nf6 3. Bb5+ Bd7 4. Be2 Nxd5 5. d4 c5 6. c4 Nf6 7. dxc5 e5 8.
Nf3 Bxc5 9. O-O e4 10. Ne5 O-O 11. Nxd7 Nbxd7 12. Nc3 Re8 13. Bg5 h6 14. Bh4 e3
15. f4 Qc7 16. Kh1 a6 17. Rc1 Ne4 18. Nd5 Qd6 19. b4 Ba7 20. c5 Qb8 21. Qd4 Nf8
22. Nxe3 g6 23. Bc4 Qc8 24. Nd5 Qg4 25. Ne7+ Kh7 26. Qxe4 Qxh4 27. Rce1 Qf6 28.
Nd5 Qe6 29. Qb1 Qc6 30. Qb2 Rxe1 31. Nf6+ 1-0

[Event "Mercredi 2019.02.20 ABCD"]
[Site "Montreal CAN"]
[Date "2019.02.27"]
[Round "2"]
[White "Zheng, Richard"]
[Black "Yu, Zong Yang"]
[Result "1/2-1/2"]
[WhiteElo "2120"]
[BlackElo "2439"]
[PlyCount "104"]
[EventDate "2019.02.20"]
[EventType "tourn"]
[EventRounds "5"]
[EventCountry "CAN"]

1. b3 d6 2. Bb2 e5 3. e3 g6 4. d4 Nd7 5. dxe5 dxe5 6. Nf3 Bg7 7. Be2 Ne7 8. O-O
O-O 9. c4 Nc6 10. Nc3 e4 11. Nd4 Nxd4 12. exd4 f5 13. f3 e3 14. f4 Nf6 15. Qd3
Re8 16. Rad1 Ng4 17. Bxg4 fxg4 18. Qe2 Bf5 19. Na4 Qe7 20. d5 Rad8 21. Bxg7
Qxg7 22. Rfe1 b6 23. Nb2 Qh6 24. Nd3 Re4 25. g3 Rde8 26. Ne5 g5 27. Nd3 gxf4
28. Nxf4 R4e5 29. Ng2 Qg7 30. Nh4 Bd7 31. Qb2 Qe7 32. Qd4 Re4 33. d6 Rxd4 34.
dxe7 Rxd1 35. Rxd1 Rxe7 36. Re1 Kf7 37. Ng2 Bc6 38. Nxe3 Bf3 39. Kf2 Rd7 40.
Nf1 Rd3 41. Re3 Rd1 42. Re1 Rxe1 43. Kxe1 Be4 44. Ne3 h5 45. Nd1 c6 46. Nc3 Bg6
47. Kd2 Kf6 48. Ke3 Ke5 49. Ne2 Bb1 50. Nc3 Bg6 51. Ne2 Bb1 52. Nc3 Bg6 1/2-1/2

[Event "Mercredi 2019.02.20 ABCD"]
[Site "Montreal CAN"]
[Date "2019.03.06"]
[Round "3"]
[White "Abdelaal, Ibrahim"]
[Black "Zheng, Richard"]
[Result "0-1"]
[WhiteElo "2099"]
[BlackElo "2120"]
[PlyCount "78"]
[EventDate "2019.02.20"]
[EventType "tourn"]
[EventRounds "5"]
[EventCountry "CAN"]

1. e4 c6 2. d4 d5 3. e5 c5 4. c3 Nc6 5. Bb5 Qb6 6. Bxc6+ bxc6 7. dxc5 Qxc5 8.
Be3 Qa5 9. Ne2 e6 10. O-O Ne7 11. b4 Qc7 12. f4 Nf5 13. Bf2 c5 14. b5 h5 15.
Nd2 Bb7 16. a4 Be7 17. a5 a6 18. b6 Qc6 19. Qa4 Qxa4 20. Rxa4 Rc8 21. Ra2 Rg8
22. Nf3 h4 23. Ng5 Bxg5 24. fxg5 f6 25. Nf4 Kf7 26. g6+ Ke7 27. Re1 Rge8 28.
Rae2 d4 29. cxd4 cxd4 30. exf6+ Kxf6 31. Rxe6+ Rxe6 32. Rxe6+ Kg5 33. Nh3+ Kh6
34. Be1 Rc2 35. Nf2 d3 36. Nxd3 Rxg2+ 37. Kf1 Rxh2 38. Nf2 Ng3+ 39. Kg1 Rg2#
0-1

[Event "Mercredi 2019.02.20 ABCD"]
[Site "Montreal CAN"]
[Date "2019.03.06"]
[Round "3"]
[White "Alcantara, Maximo jr"]
[Black "O'Neill, Brendon"]
[Result "1/2-1/2"]
[WhiteElo "1721"]
[BlackElo "1700"]
[PlyCount "92"]
[EventDate "2019.02.20"]
[EventType "tourn"]
[EventRounds "5"]
[EventCountry "CAN"]

1. Nf3 c5 2. c3 Nf6 3. g3 e6 4. Bg2 Be7 5. d4 cxd4 6. cxd4 O-O 7. O-O d5 8. Nc3
Nc6 9. a3 a5 10. Re1 Bd7 11. Qb3 Ra6 12. Na4 b6 13. e3 Na7 14. Ne5 Bxa4 15.
Qxa4 b5 16. Qb3 Nd7 17. Nxd7 Qxd7 18. Bf1 Rb6 19. Bd2 b4 20. axb4 Bxb4 21. Qd3
Bxd2 22. Qxd2 Nc6 23. Rec1 Rfb8 24. Qc3 Qe7 25. Qc5 Qf6 26. Rc2 g6 27. Rd2 Rxb2
28. Qc3 R2b6 29. Rc2 Nb4 30. Rb2 Rc6 31. Qd2 Qd8 32. h4 h5 33. Qd1 Ra8 34. Qa4
Rcc8 35. Be2 Qc7 36. Rbb1 Qc3 37. Qb3 Qd2 38. Qd1 Rc2 39. Qxd2 Rxd2 40. Rxb4
Rxe2 41. Rba4 Rc8 42. Rxa5 Rcc2 43. Rf1 Kg7 44. Ra3 Kf6 45. Rd3 Ke7 46. Rb3 Kf6
1/2-1/2

[Event "Mercredi 2019.02.20 ABCD"]
[Site "Montreal CAN"]
[Date "2019.03.06"]
[Round "3"]
[White "Audet, Eric"]
[Black "Nica, Ion"]
[Result "1/2-1/2"]
[WhiteElo "1669"]
[BlackElo "1660"]
[PlyCount "60"]
[EventDate "2019.02.20"]
[EventType "tourn"]
[EventRounds "5"]
[EventCountry "CAN"]

1. e4 c5 2. Nf3 d6 3. d4 cxd4 4. Nxd4 Nf6 5. Nc3 g6 6. Be2 Bg7 7. Be3 a6 8. Qd2
h6 9. f3 b5 10. a3 Bb7 11. O-O-O Nbd7 12. g4 Rc8 13. h4 Nc5 14. g5 hxg5 15.
hxg5 Rxh1 16. Rxh1 Nfxe4 17. fxe4 Nxe4 18. Nxe4 Bxe4 19. Rh4 d5 20. Bd3 e5 21.
Bxe4 exd4 22. Bxd4 Bxd4 23. Bxg6 fxg6 24. Rxd4 Rc5 25. b4 Rc6 26. Rxd5 Qb6 27.
Qe1+ Re6 28. Re5 Kd7 29. Rd5+ Ke7 30. Re5 Kd7 1/2-1/2

[Event "Mercredi 2019.02.20 ABCD"]
[Site "Montreal CAN"]
[Date "2019.03.06"]
[Round "3"]
[White "Baran, Marius"]
[Black "Kapush, Oleksandr"]
[Result "0-1"]
[WhiteElo "1865"]
[BlackElo "1857"]
[PlyCount "90"]
[EventDate "2019.02.20"]
[EventType "tourn"]
[EventRounds "5"]
[EventCountry "CAN"]

1. e4 Nf6 2. e5 Nd5 3. d4 d6 4. Bc4 Nb6 5. Bb3 d5 6. h3 e6 7. Nf3 c5 8. c3 Bd7
9. a4 Nc6 10. O-O cxd4 11. cxd4 Nb4 12. Nc3 Be7 13. Qe2 a6 14. Nd2 Nc8 15. Bd1
Na7 16. Nb3 Nac6 17. Be3 Na5 18. Nd2 Qb6 19. f4 O-O-O 20. Na2 Kb8 21. Nf3 h6
22. Bd2 Rc8 23. Qe1 Nac6 24. Nxb4 Bxb4 25. Bc3 Bxc3 26. bxc3 Na5 27. Be2 Ka8
28. Qb1 Qxb1 29. Rfxb1 Rxc3 30. Rb4 Rhc8 31. Kh2 Rc1 32. Rxc1 Rxc1 33. Bd3 Rc3
34. Be2 Ra3 35. Bd1 Nc4 36. Bc2 a5 37. Rb3 Rxa4 38. Rb1 Ra2 39. Bb3 Rb2 40.
Rxb2 Nxb2 41. f5 a4 42. Ba2 Nd3 43. g4 Nb4 44. fxe6 Bxe6 45. Bb1 a3 0-1

[Event "Mercredi 2019.02.20 ABCD"]
[Site "Montreal CAN"]
[Date "2019.03.06"]
[Round "3"]
[White "Bernardi, Felipe"]
[Black "Gauthier, Luc"]
[Result "0-1"]
[WhiteElo "1637"]
[BlackElo "1631"]
[PlyCount "48"]
[EventDate "2019.02.20"]
[EventType "tourn"]
[EventRounds "5"]
[EventCountry "CAN"]

1. d4 d5 2. Nf3 Nf6 3. g3 c6 4. Bg2 Bf5 5. h3 h6 6. g4 Bh7 7. g5 hxg5 8. Bxg5
Ne4 9. Bf4 e6 10. Nbd2 Bd6 11. Be3 Nd7 12. Nxe4 Bxe4 13. Qd2 Nb6 14. Qc3 Qe7
15. O-O-O Bb4 16. Qb3 Nc4 17. Rdg1 Na5 18. Qa4 b5 19. Bg5 f6 20. Qxa5 Bxa5 21.
Ne5 fxg5 22. Bxe4 dxe4 23. Ng6 Qf6 24. Nxh8 O-O-O 0-1

[Event "Mercredi 2019.02.20 ABCD"]
[Site "Montreal CAN"]
[Date "2019.03.06"]
[Round "3"]
[White "Gates, Claude-Eric"]
[Black "Ostaci, Liviu"]
[Result "1-0"]
[WhiteElo "1819"]
[BlackElo "1692"]
[PlyCount "59"]
[EventDate "2019.02.20"]
[EventType "tourn"]
[EventRounds "5"]
[EventCountry "CAN"]

1. b3 b5 2. Bb2 Bb7 3. e3 a6 4. Nf3 c5 5. Be2 e6 6. O-O f5 7. d4 Nf6 8. Nbd2
Rg8 9. c4 b4 10. a3 a5 11. Ne5 Na6 12. Bf3 Qc7 13. Re1 Be7 14. e4 d6 15. Nd3
cxd4 16. Bxd4 e5 17. Bb2 f4 18. Rc1 g5 19. c5 g4 20. cxd6 Qxd6 21. Nc4 Qe6 22.
Bxe5 gxf3 23. Qxf3 Qg4 24. Qxg4 Rxg4 25. Bxf6 Bxf6 26. Nd6+ Kf8 27. Nxb7 Rg7
28. Nbc5 Nxc5 29. Nxc5 f3 30. Ne6+ 1-0

[Event "Mercredi 2019.02.20 ABCD"]
[Site "Montreal CAN"]
[Date "2019.03.06"]
[Round "3"]
[White "Jean, Robert"]
[Black "Nardone, Raul"]
[Result "1/2-1/2"]
[WhiteElo "1745"]
[BlackElo "1823"]
[PlyCount "64"]
[EventDate "2019.02.20"]
[EventType "tourn"]
[EventRounds "5"]
[EventCountry "CAN"]

1. d4 Nf6 2. c4 c5 3. d5 b5 4. cxb5 a6 5. bxa6 g6 6. Nc3 Bg7 7. g3 O-O 8. Bg2
d6 9. Nf3 Bxa6 10. O-O Nbd7 11. Qc2 Ng4 12. Rb1 Nge5 13. b3 Nxf3+ 14. Bxf3 Ne5
15. Bg2 Qc7 16. Rd1 Rab8 17. h3 Rfc8 18. f4 Nd7 19. Kh2 Rb4 20. a3 Rbb8 21. Ne4
Qb6 22. Ng5 Nf6 23. e4 h6 24. Nf3 Bb7 25. Nd2 Ba6 26. Nc4 Bxc4 27. Qxc4 Nd7 28.
Bd2 Qa7 29. a4 Nb6 30. Qe2 Nd7 31. a5 Bd4 32. Qc4 Bg7 1/2-1/2

[Event "Mercredi 2019.02.20 ABCD"]
[Site "Montreal CAN"]
[Date "2019.03.06"]
[Round "3"]
[White "Lopez Linares, Lizandro"]
[Black "Pomerantz, Daniel"]
[Result "1-0"]
[WhiteElo "2250"]
[BlackElo "2165"]
[PlyCount "53"]
[EventDate "2019.02.20"]
[EventType "tourn"]
[EventRounds "5"]
[EventCountry "CAN"]

1. d4 Nf6 2. Nf3 e6 3. Bg5 Be7 4. Nbd2 d5 5. e3 c5 6. c3 Nbd7 7. Bd3 b6 8. Qe2
Bb7 9. O-O O-O 10. Ne5 Nxe5 11. dxe5 Nd7 12. Bf4 f5 13. exf6 Nxf6 14. Rad1 Bd6
15. Bg3 Bxg3 16. hxg3 Qe7 17. e4 Qf7 18. e5 Nd7 19. Nf3 Qh5 20. Rfe1 Rf7 21. c4
Raf8 22. cxd5 Bxd5 23. Be4 Bxe4 24. Qxe4 b5 25. Rd6 Nb6 26. Rxe6 Nc4 27. g4 1-0

[Event "Mercredi 2019.02.20 ABCD"]
[Site "Montreal CAN"]
[Date "2019.03.06"]
[Round "3"]
[White "Millette, Sylvain"]
[Black "Monot, Antonin"]
[Result "1-0"]
[WhiteElo "1682"]
[BlackElo "1647"]
[PlyCount "49"]
[EventDate "2019.02.20"]
[EventType "tourn"]
[EventRounds "5"]
[EventCountry "CAN"]

1. e4 c5 2. d4 cxd4 3. c3 dxc3 4. Nxc3 Nc6 5. Nf3 e5 6. Bc4 h6 7. O-O Nf6 8.
Qe2 Bc5 9. Bxf7+ Kxf7 10. Qc4+ Ke7 11. Qxc5+ d6 12. Qc4 Be6 13. Qe2 Rc8 14. Rd1
a6 15. Be3 Qc7 16. Rac1 Rhd8 17. Nd5+ Bxd5 18. exd5 Qa5 19. dxc6 bxc6 20. b3 e4
21. Nd4 Kd7 22. Qc2 c5 23. Nf5 Ke6 24. Nxg7+ Ke5 25. Qb2+ 1-0

[Event "Mercredi 2019.02.20 ABCD"]
[Site "Montreal CAN"]
[Date "2019.03.06"]
[Round "3"]
[White "Nesterov, Timour"]
[Black "Have, Didier"]
[Result "0-1"]
[WhiteElo "1932"]
[BlackElo "2077"]
[PlyCount "58"]
[EventDate "2019.02.20"]
[EventType "tourn"]
[EventRounds "5"]
[EventCountry "CAN"]

1. d4 d6 2. e4 Nf6 3. Bd3 e5 4. Ne2 c6 5. O-O Be7 6. Kh1 Bg4 7. c3 Nbd7 8. f4
Qc7 9. Be3 O-O-O 10. Nd2 h6 11. b4 g5 12. fxe5 dxe5 13. Qb3 Be6 14. c4 exd4 15.
Nxd4 Ng4 16. Bg1 Nde5 17. N2f3 h5 18. Nxe6 fxe6 19. Be2 Ng6 20. Rfc1 Nf4 21.
Bf1 h4 22. c5 Nh5 23. Be3 Nxe3 24. Qxe3 g4 25. Nd4 Qe5 26. Rd1 Bg5 27. Qa3 Rxd4
28. Qxa7 Ng3+ 29. Kg1 Be3# 0-1

[Event "Mercredi 2019.02.20 ABCD"]
[Site "Montreal CAN"]
[Date "2019.03.06"]
[Round "3"]
[White "Nunez, Omar"]
[Black "Guipi Bopala, Prince Eric jr"]
[Result "1-0"]
[WhiteElo "1965"]
[BlackElo "1826"]
[PlyCount "87"]
[EventDate "2019.02.20"]
[EventType "tourn"]
[EventRounds "5"]
[EventCountry "CAN"]

1. e4 e5 2. Nf3 Nc6 3. Bb5 a6 4. Ba4 Nf6 5. c3 Be7 6. Qe2 b5 7. Bc2 d6 8. h3
O-O 9. O-O h6 10. d4 exd4 11. cxd4 Nb8 12. Rd1 Nbd7 13. e5 Rb8 14. exf6 Nxf6
15. Nc3 c6 16. Bf4 Re8 17. Qd3 Bf8 18. Re1 Rxe1+ 19. Rxe1 g6 20. Qd2 Kh7 21.
Ne4 Nd5 22. Bh2 Bf5 23. Nc3 Bxc2 24. Qxc2 Nxc3 25. Qxc3 Rc8 26. Qd3 Bg7 27. Rd1
Qe7 28. Kf1 c5 29. Re1 Qf6 30. dxc5 dxc5 31. Be5 Qb6 32. Qd7 Rf8 33. Bxg7 Kxg7
34. Re7 b4 35. Kg1 Qb5 36. Qc7 Qc4 37. Qe5+ Kg8 38. b3 Qd3 39. Qe2 Qb1+ 40. Kh2
Kg7 41. g3 a5 42. Ne5 Qf5 43. Nc4 Ra8 44. Nd6 1-0

[Event "Mercredi 2019.02.20 ABCD"]
[Site "Montreal CAN"]
[Date "2019.03.06"]
[Round "3"]
[White "Yu, Zong Yang"]
[Black "Feoktistov, Dmitri"]
[Result "1-0"]
[WhiteElo "2439"]
[BlackElo "2129"]
[PlyCount "91"]
[EventDate "2019.02.20"]
[EventType "tourn"]
[EventRounds "5"]
[EventCountry "CAN"]

1. d4 d5 2. c4 c6 3. cxd5 cxd5 4. Nc3 Nc6 5. Bf4 Nf6 6. e3 a6 7. Bd3 Bg4 8.
Nge2 e6 9. O-O Bd6 10. Bg5 Qc7 11. h3 Bh5 12. f3 O-O 13. Qd2 Nd7 14. Rac1 Qa5
15. a3 Be7 16. Bf4 Rfc8 17. b4 Qd8 18. Na4 b5 19. Nc5 Nb6 20. Nc3 Bg6 21. Be2
Nc4 22. Bxc4 dxc4 23. Rfd1 Bxc5 24. dxc5 Qxd2 25. Rxd2 Bd3 26. Bd6 Ra7 27. Rb2
Rb7 28. Nd1 f6 29. e4 Nd4 30. Kf2 e5 31. Ke3 Kf7 32. Nf2 Ne6 33. g3 g5 34. Nxd3
cxd3 35. Rd1 h5 36. Rxd3 h4 37. gxh4 Nf4 38. hxg5 Nxd3 39. Kxd3 Rg8 40. gxf6
Kxf6 41. Ke3 Ke6 42. Rd2 Rh7 43. Rd5 Rh5 44. h4 Rg1 45. c6 Rc1 46. Bc5 1-0

[Event "Mercredi 2019.02.20 ABCD"]
[Site "Montreal CAN"]
[Date "2019.03.13"]
[Round "4"]
[White "Abdelaal, Ibrahim"]
[Black "Lopez Linares, Lizandro"]
[Result "1/2-1/2"]
[WhiteElo "2099"]
[BlackElo "2250"]
[PlyCount "113"]
[EventDate "2019.02.20"]
[EventType "tourn"]
[EventRounds "5"]
[EventCountry "CAN"]

1. e4 e6 2. f4 d5 3. e5 c5 4. Nf3 h5 5. c3 Nc6 6. Na3 Nh6 7. Nc2 d4 8. Bd3 Qb6
9. Be4 Nf5 10. Bxf5 exf5 11. O-O Be6 12. Kh1 Be7 13. d3 h4 14. h3 O-O-O 15.
cxd4 cxd4 16. b3 Kb8 17. Bb2 a5 18. Na3 a4 19. Nc4 Bxc4 20. dxc4 a3 21. Bc1 d3
22. Bd2 Bb4 23. Ng5 Rd7 24. Qe1 Bxd2 25. Qxd2 Qb4 26. Rad1 Qxd2 27. Rxd2 Nb4
28. Rfd1 f6 29. exf6 gxf6 30. Nf3 Kc7 31. Re1 Na6 32. Kg1 Rd6 33. Re3 Nc5 34.
b4 Ne4 35. Rdxd3 Rb6 36. b5 Rd6 37. Rxd6 Kxd6 38. Rxa3 Kc5 39. Ra7 Nd6 40. Nd2
Kb4 41. Nb3 Kxc4 42. Na5+ Kxb5 43. Nxb7 Nc4 44. Kf2 Rb8 45. Kf3 Re8 46. Ra5+
Kb6 47. Rxf5 Kxb7 48. Rxf6 Ra8 49. Rh6 Ra3+ 50. Ke4 Rxa2 51. Rxh4 Rxg2 52. f5
Kc6 53. f6 Kd6 54. Rf4 Rg8 55. f7 Rf8 56. Rf6+ Ke7 57. Kf5 1/2-1/2

[Event "Mercredi 2019.02.20 ABCD"]
[Site "Montreal CAN"]
[Date "2019.03.13"]
[Round "4"]
[White "Baran, Marius"]
[Black "Nunez, Omar"]
[Result "1-0"]
[WhiteElo "1865"]
[BlackElo "1965"]
[PlyCount "51"]
[EventDate "2019.02.20"]
[EventType "tourn"]
[EventRounds "5"]
[EventCountry "CAN"]

1. e4 d5 2. exd5 Qxd5 3. Nc3 Qa5 4. Nf3 Nf6 5. b4 Qxb4 6. a4 c6 7. Ba3 Qa5 8.
Bc4 Bg4 9. h3 Qh5 10. Be2 Bxf3 11. Bxf3 Qe5+ 12. Be2 Nbd7 13. Rb1 Qc7 14. O-O
e6 15. Bxf8 Nxf8 16. Qc1 Ng6 17. Qa3 O-O-O 18. d3 Rd7 19. Rb3 Nd5 20. Ne4 b6
21. Rfb1 Ngf4 22. Bf1 f5 23. Nd2 Qd6 24. Qb2 Rhd8 25. Nc4 g5 26. Nxd6+ 1-0

[Event "Mercredi 2019.02.20 ABCD"]
[Site "Montreal CAN"]
[Date "2019.03.13"]
[Round "4"]
[White "Bernardi, Felipe"]
[Black "Millette, Sylvain"]
[Result "0-1"]
[WhiteElo "1637"]
[BlackElo "1682"]
[PlyCount "40"]
[EventDate "2019.02.20"]
[EventType "tourn"]
[EventRounds "5"]
[EventCountry "CAN"]

1. d4 Nf6 2. Nf3 g6 3. g3 Bg7 4. Bg2 d5 5. c4 c6 6. cxd5 cxd5 7. Nc3 O-O 8. O-O
Nc6 9. Bf4 Nh5 10. Be3 f5 11. Bg5 h6 12. Bd2 f4 13. Qc1 Qd6 14. Ne5 Nxd4 15.
Bxd5+ e6 16. Nxg6 exd5 17. Nxf8 Bh3 18. Re1 fxg3 19. hxg3 Rxf8 20. f4 Qg6 0-1

[Event "Mercredi 2019.02.20 ABCD"]
[Site "Montreal CAN"]
[Date "2019.03.13"]
[Round "4"]
[White "Gates, Claude-Eric"]
[Black "Jean, Robert"]
[Result "0-1"]
[WhiteElo "1819"]
[BlackElo "1745"]
[PlyCount "98"]
[EventDate "2019.02.20"]
[EventType "tourn"]
[EventRounds "5"]
[EventCountry "CAN"]

1. e4 c5 2. Nf3 Nc6 3. Bb5 Nd4 4. Nxd4 cxd4 5. O-O e5 6. d3 Qb6 7. Bc4 Nf6 8.
Nd2 Be7 9. Bb3 O-O 10. Nc4 Qc7 11. f4 d6 12. a4 b6 13. Bd2 Bb7 14. Be1 exf4 15.
Rxf4 d5 16. Bg3 dxc4 17. Rxf6 Qd8 18. Rxf7 cxb3 19. Rxf8+ Qxf8 20. Qe2 bxc2 21.
Qxc2 Rc8 22. Qb3+ Qf7 23. Qb5 Qe6 24. a5 Qc6 25. Qb3+ Kh8 26. Rf1 h6 27. Qf7
Bg5 28. Be5 Be3+ 29. Kh1 Rg8 30. Qh5 Ba6 31. Qe2 Qxe4 32. dxe4 Bxe2 33. Re1 d3
34. Bc3 Bf2 35. Ra1 Re8 36. e5 Kg8 37. axb6 Bxb6 38. h3 Kf7 39. g4 Ke6 40. Kg2
Rf8 41. Ra4 g5 42. Kg3 Bf2+ 43. Kg2 Be3 44. Ra6+ Kd5 45. Rxh6 Rf2+ 46. Kg3 Ke4
47. e6 Bf1 48. h4 Rg2+ 49. Kh3 Bf4 0-1

[Event "Mercredi 2019.02.20 ABCD"]
[Site "Montreal CAN"]
[Date "2019.03.13"]
[Round "4"]
[White "Gauthier, Luc"]
[Black "Nica, Ion"]
[Result "1/2-1/2"]
[WhiteElo "1631"]
[BlackElo "1660"]
[PlyCount "67"]
[EventDate "2019.02.20"]
[EventType "tourn"]
[EventRounds "5"]
[EventCountry "CAN"]

1. e4 c6 2. d4 d5 3. f3 e6 4. Nc3 Qb6 5. a3 Nd7 6. Be3 Ngf6 7. e5 Nxe5 8. Na4
Qa5+ 9. Nc3 Ng6 10. h4 Bd6 11. Nge2 Qc7 12. Qd2 Nh5 13. O-O-O b5 14. g4 Ng3 15.
Nxg3 Bxg3 16. Bd3 Nf4 17. Ne2 Nxe2+ 18. Bxe2 Bd6 19. f4 a5 20. h5 a4 21. c3 Bd7
22. Kb1 c5 23. dxc5 Bxc5 24. Bxc5 Qxc5 25. Qd4 Qxd4 26. Rxd4 Rc8 27. Rhd1 Rc5
28. Re1 Bc6 29. Bd3 g6 30. h6 Kd8 31. g5 Re8 32. Re5 Re7 33. Bf1 Ke8 34. Bd3
1/2-1/2

[Event "Mercredi 2019.02.20 ABCD"]
[Site "Montreal CAN"]
[Date "2019.03.13"]
[Round "4"]
[White "Kapush, Oleksandr"]
[Black "Have, Didier"]
[Result "1-0"]
[WhiteElo "1857"]
[BlackElo "2077"]
[PlyCount "73"]
[EventDate "2019.02.20"]
[EventType "tourn"]
[EventRounds "5"]
[EventCountry "CAN"]

1. e4 d6 2. d4 Nf6 3. Nc3 Nbd7 4. g4 h6 5. f3 e5 6. Be3 c6 7. Qd2 a6 8. Nge2 b5
9. Ng3 b4 10. Nce2 d5 11. O-O-O g6 12. Kb1 Bg7 13. h4 Nb6 14. dxe5 Nc4 15. Qd4
Nd7 16. exd5 cxd5 17. f4 Bb7 18. Bg2 Qa5 19. Nc1 Ndb6 20. Nb3 Qb5 21. Qc5 Nxe3
22. Qxe3 Rc8 23. Qd3 Qa4 24. h5 O-O 25. hxg6 fxg6 26. Qxg6 Rc6 27. Qd3 Rc4 28.
Rxh6 Bxh6 29. Qg6+ Bg7 30. Qxb6 Qd7 31. Nc5 Qxg4 32. Rg1 Rd4 33. Nd3 Rxd3 34.
cxd3 Qd7 35. Nh5 Qc6 36. Bxd5+ Qxd5 37. Rxg7+ 1-0

[Event "Mercredi 2019.02.20 ABCD"]
[Site "Montreal CAN"]
[Date "2019.03.13"]
[Round "4"]
[White "Monot, Antonin"]
[Black "Audet, Eric"]
[Result "0-1"]
[WhiteElo "1647"]
[BlackElo "1669"]
[PlyCount "74"]
[EventDate "2019.02.20"]
[EventType "tourn"]
[EventRounds "5"]
[EventCountry "CAN"]

1. e4 c6 2. d4 d5 3. e5 Bf5 4. Nf3 e6 5. Be2 c5 6. c3 Nc6 7. Nbd2 Qb6 8. Qb3
Qxb3 9. Nxb3 c4 10. Nbd2 Be7 11. Nf1 Bg6 12. Ng3 b5 13. b4 a5 14. bxa5 Rxa5 15.
O-O h5 16. h4 Nh6 17. Bb2 Nf5 18. Nxf5 Bxf5 19. Rfc1 O-O 20. Bd1 Rfa8 21. a4 b4
22. cxb4 Bxb4 23. Bc3 Bxc3 24. Rxc3 Bg4 25. Nh2 Bxd1 26. Rxd1 Rxa4 27. Nf3 Ra1
28. Rdc1 g6 29. Kf1 R8a2 30. Rxa1 Rxa1+ 31. Ke2 Nb4 32. Ne1 Kg7 33. f4 f6 34.
g3 Nc6 35. Nc2 Ra2 36. Ke3 Rb2 37. Kf3 Rxc2 0-1

[Event "Mercredi 2019.02.20 ABCD"]
[Site "Montreal CAN"]
[Date "2019.03.13"]
[Round "4"]
[White "Nesterov, Timour"]
[Black "Guipi Bopala, Prince Eric jr"]
[Result "1/2-1/2"]
[WhiteElo "1932"]
[BlackElo "1826"]
[PlyCount "91"]
[EventDate "2019.02.20"]
[EventType "tourn"]
[EventRounds "5"]
[EventCountry "CAN"]

1. d4 d5 2. Bf4 e6 3. Nf3 c6 4. e3 f5 5. Bd3 Nf6 6. O-O Be7 7. Nbd2 O-O 8. Ne5
Ne4 9. f3 Nxd2 10. Qxd2 Nd7 11. e4 Nxe5 12. Bxe5 Bd6 13. exf5 Bxe5 14. dxe5
exf5 15. c3 f4 16. Rfe1 Be6 17. Rad1 Qg5 18. Qc2 h6 19. c4 Rae8 20. Re2 Kh8 21.
Rde1 Re7 22. b3 Rfe8 23. Qc3 Bh3 24. Kh1 Be6 25. cxd5 Bxd5 26. Bc4 Bxc4 27.
bxc4 Qf5 28. Qd4 Kh7 29. Re4 g5 30. h3 a6 31. Qd6 Qe6 32. Qb4 Kg8 33. a4 Rd7
34. c5 Rde7 35. Rd1 Qf5 36. Rde1 Rxe5 37. Qxb7 Rxe4 38. fxe4 Rxe4 39. Rxe4 Qxe4
40. Qxa6 Qe1+ 41. Kh2 Qg3+ 42. Kg1 Qe3+ 43. Kf1 Qc1+ 44. Ke2 Qe3+ 45. Kf1 Qc1+
46. Ke2 1/2-1/2

[Event "Mercredi 2019.02.20 ABCD"]
[Site "Montreal CAN"]
[Date "2019.03.13"]
[Round "4"]
[White "Ostaci, Liviu"]
[Black "O'Neill, Brendon"]
[Result "0-1"]
[WhiteElo "1692"]
[BlackElo "1700"]
[PlyCount "82"]
[EventDate "2019.02.20"]
[EventType "tourn"]
[EventRounds "5"]
[EventCountry "CAN"]

1. d4 Nf6 2. Nf3 e6 3. Bg5 Be7 4. e3 c5 5. Bd3 cxd4 6. exd4 Nc6 7. c3 h6 8. Bh4
O-O 9. O-O b6 10. Nbd2 Bb7 11. Qe2 d6 12. Rad1 Qc7 13. Rfe1 Rfe8 14. Bb1 Nb8
15. Bxf6 Bxf6 16. Qd3 g6 17. Ne4 Be7 18. Ng3 Nd7 19. a3 Nf6 20. Nd2 Kg7 21.
Nde4 Rh8 22. Nxf6 Bxf6 23. Ne4 Be7 24. Qf1 Rac8 25. Nd2 h5 26. Be4 d5 27. Bb1
g5 28. Qe2 Bd6 29. Nf1 h4 30. Qg4 Rcg8 31. Qe2 Kf8 32. Qf3 g4 33. Qf6 g3 34.
fxg3 hxg3 35. h3 Bf4 36. Rxe6 Rh6 37. Qxh6+ Bxh6 38. Rxh6 Qf4 39. Rh5 Qf2+ 40.
Kh1 Ba6 41. Nd2 Qe2 0-1